[Event "Biel GM"]
[Site "Biel"]
[Date "1999.07.19"]
[Round "1"]
[White "Piket, Jeroen"]
[Black "Bunzmann, Dimitrij"]
[Result "1-0"]
[WhiteElo "2635"]
[BlackElo "2596"]
[Annotator "Stohl,I"]
[PlyCount "77"]
[EventDate "1999.07.19"]
[EventType "tourn"]
[EventRounds "10"]
[EventCountry "SUI"]
[EventCategory "14"]
[SourceTitle "CBM 072"]
[Source "ChessBase"]
[SourceDate "1999.10.01"]
[SourceVersion "1"]
[SourceVersionDate "1999.10.01"]
[SourceQuality "1"]

1. d4 e6 2. c4 Bb4+ 3. Bd2 a5 4. Nf3 d6 (4... Nf6 {-E11}) 5. g3 Nc6 6. Bg2 e5
7. O-O $5 {White tries to keep the tension in the [+], as the immediate d5
advance leads to unclear King's Indian type positions, in which Black doesn't
have to worry about his limited Bg7.} (7. d5 Bxd2+ 8. Nfxd2 Nb8 9. Nc3 Nd7 (
9... Nh6 10. a3 O-O 11. b4 f5 12. Rc1 Na6 13. Qb3 e4 14. O-O axb4 15. axb4 c5
$6 16. dxc6 bxc6 17. b5 Nc5 18. Qb4 Qb6 19. Nb3 Nxb3 20. Qxb3 {Shirov,A-Romero
Holmes,A/Leon/1995/} Nf7 $1 $14) 10. a3 f5 11. b4 Nh6 12. O-O O-O 13. Rc1 (13.
Nb3 $142 $5) 13... b6 14. Nb5 Ba6 15. Qc2 Rf7 16. bxa5 bxa5 17. a4 g5 18. Nb3
f4 19. Qd2 g4 20. Rc2 Kh8 $13 {Sadler,M-Conquest,S/Hastings9596/1996/}) 7...
Nxd4 ({Black can also hold the e5 outpost:} 7... Bxd2 8. Qxd2 Nh6 $5 (8... Nf6
$143 9. Nc3 O-O 10. d5 Nb8 11. Ne1 Na6 12. Nd3 Nd7 13. Na4 b6 14. a3 Nac5 15.
Naxc5 Nxc5 16. Nxc5 dxc5 17. b4 Qd6 18. bxc5 bxc5 19. Rfb1 Bd7 20. e4 a4 21.
Rb7 h6 22. Rab1 Kh7 23. Qe1 Ra6 24. Qf1 f5 25. exf5 Bxf5 26. R1b2 $16 {Lalic,
B-King,D/EU-chT Haifa/1989/}) 9. Nc3 Bg4 10. Rfd1 O-O 11. dxe5 Bxf3 12. Bxf3
Nxe5 13. Bxb7 Nxc4 14. Qf4 Rb8 15. Qxc4 (15. Bd5 $5 Nxb2 16. Rd4 $13 {[%csl
Rb2] פb2}) 15... Rxb7 16. b3 Rb4 17. Qd5 $6 Qf6 18. Rd3 Ng4 19. Rf3 Qh6 20. h4
Ne5 21. Re3 Rg4 22. Qxa5 f5 $40 {Van Wely,L-Barsov,A/NLD-chT9596/1995/}) (7...
exd4 8. Nxd4 Nxd4 9. Bxb4 axb4 10. Qxd4 {-7...Nd4}) 8. Nxd4 exd4 9. Bxb4 axb4
10. Qxd4 Qf6 $6 {Not best.} ({Black has more chances to equalize fully after
the natural developing move} 10... Nf6 $142 11. Nd2 (11. Rd1 Ra6 (11... Qe7 12.
Qd2 O-O 13. Qxb4 Qxe2 14. Nc3 Qh5 15. Qb5 $1 (15. Nb5 Rxa2 16. Nxc7 Qe2 17. Bf1
Qxb2 18. Qxb2 Rxb2 19. f3 Nd7 20. f4 g5 21. Rxd6 gxf4 22. gxf4 Kh8 23. Ra3 Nc5
24. Bg2 Nb3 25. Rd5 f6 26. Rd3 Nc1 27. Rf3 Rg8 28. Rf2 Rb1 29. h4 Nd3+ 30. Rf1
Rb2 {0-1 Pelletier,Y-Legky,N/FRA 1994/EXT 99 (30)}) (15. Nd5 Nxd5 16. Rxd5 Qg6
(16... Qh6 17. a4 b6 18. Qd2 Qxd2 19. Rxd2 Ra7 20. Bc6 Bb7 21. Bxb7 Rxb7 22.
Re1 Rd8 23. Kg2 Kf8 24. Kf3 Ra7 $11 {Pinter,J-Legky,N/FRA-chT/1994/}) 17. a3
Qf6 18. Re1 Rb8 19. Rd3 Bd7 20. Rde3 b5 21. Rf3 bxc4 22. Qxc4 Qxb2 23. Qxc7 Qd2
24. Qc3 Qa2 $11 {Hulak,K-King,D/Palma de Mallorca GMA op/1989/}) 15... Qg6 16.
Nd5 Nxd5 17. cxd5 $36) (11... O-O 12. a4 (12. c5 Ra6 $13) 12... Qe8 $1 13. b3
Qxe2 14. Nd2 Re8 15. Nf1 Ra5 16. Ne3 Rae5 17. Nd5 Nxd5 18. cxd5 Qh5 19. Qxb4
Re2 20. Rac1 Bh3 21. Bxh3 Qxh3 22. Re1 Qf5 23. Rf1 Qc8 24. Qf4 h5 25. Rc4 R8e5
26. Qf3 Qd7 27. Kg2 Rd2 28. Qc3 $132 {Alvarez,R-Danailov,S/Palma de Mallorca/
1992/}) 12. c5 (12. Qd2 c5 13. a4 O-O 14. Qd3 Re8 15. Nd2 Qe7 $132 16. Re1 {
1/2,Pereyra Arcija,D-Carrasco Martinez,J/WChJ Zagan/1997/}) 12... Qe7 13. Qxb4
dxc5 14. Qf4 O-O 15. Nc3 c6 16. Qd6 Qxd6 17. Rxd6 Be6 18. Rad1 Raa8 19. a3 Rfc8
20. Ne4 Nxe4 21. Bxe4 c4 22. f4 g6 23. Kf2 Kf8 24. R6d2 c3 25. bxc3 Rxa3 $11 {
Alvarez Ibarra,D-Eingorn,V/Pamplona op/1990/}) (11. c5 dxc5 12. Qxc5 Qe7 13.
Rc1 Qxc5 14. Rxc5 c6 15. Rc4 (15. Rxc6 bxc6 16. Bxc6+ Ke7 17. Bxa8 Rd8 18. f3
Ba6 19. Bc6 Bxe2 20. Kf2 Bc4 21. Ke1 Rd6 22. Be4 Nxe4 23. fxe4 Rd3 24. Nd2 Re3+
25. Kd1 Bd3 $44 {Bany,J-Keitlinghaus,L/Dortmund/1991/}) 15... b3 16. a3 Be6 17.
Rd4 Rd8 18. Rxd8+ Kxd8 19. Nc3 Kc7 20. Rd1 Nd7 21. f4 Nb6 22. Rd3 Re8 23. Kf2
f6 24. Bf3 Bf7 25. Rd4 Nc4 26. Nd1 b5 27. Bg4 Re7 28. Bf5 g6 29. Re4 Rxe4 30.
Bxe4 Nb6 31. Nc3 Nc4 32. Nd1 {1/2,Magerramov,E-Eingorn,V/Uzhgorod/1988/}) 11...
O-O 12. Nb3 (12. Rfe1 Qe7 13. Nf1 c5 14. Qd2 Be6 15. Ne3 Rab8 (15... Ra6 16. a4
bxa3 17. Rxa3 Rb6 18. Qc3 $14 {1/2,Holst,A-Topalov,V/Denmark/1991/}) 16. Red1
Rfd8 17. Qd3 Qe8 {/\b5<=>}) (12. Ne4 Nxe4 13. Bxe4 Re8 14. Bf3 Qg5 15. Rfd1 Ra5
16. Rd2 h5 17. h4 Qg6 18. b3 Rae5 19. e3 b6 20. Bc6 R8e7 21. a3 bxa3 22. Rxa3
Bf5 23. Kh2 Kh7 24. Ra8 Bc2 25. Qc3 Be4 $11 {Jelling,E-Hansen,L/DEN-chT 9697/
1997/}) 12... c5 13. Qd3 Qe7 (13... Qc7 $142 $5 14. Rfd1 Rd8) 14. Rfd1 Ra6 15.
a3 bxa3 16. Rxa3 Rb6 (16... Rxa3 $142 17. bxa3 Ne8) 17. Rd2 g6 18. Nc1 Bf5 19.
Qc3 Ne4 20. Bxe4 Bxe4 21. Nd3 $14 {Naumkin,I-Keitlinghaus,L/Berlin op/1991/})
11. Qe3+ ({Promising, and maybe even more so, is} 11. Qd2 $5 c5 12. Rd1 Ra6 13.
a3 $142 (13. Qc1 Qe7 14. Qf4 (14. a4 Nf6 15. Nd2 O-O 16. Bf3 Bh3 17. Qc2 Re8
18. b3 Raa8 19. Nf1 Bxf1 20. Kxf1 Qc7 21. Qd2 Re6 22. Ra2 Rae8 23. e3 h6 24.
Kg2 R8e7 25. Qe2 Nd7 26. Bg4 Rf6 27. Bxd7 Qxd7 28. Rad2 Qc6+ 29. Kg1 Re5 $132 {
Salvetti,A-Sher,M/Ticino/1994/}) 14... Nf6 15. Nd2 O-O 16. Ne4 Nxe4 17. Bxe4
Re8 18. Bf3 Qe5 19. Qxe5 dxe5 (19... Rxe5 $5 $11) 20. a3 Ra4 21. Bd5 Kf8 22. f3
Rd8 23. Kf2 Ke7 24. Rd3 Rd6 25. Rad1 bxa3 26. bxa3 Rb6 27. Re3 Kf6 28. g4 $36 {
Boensch,U-Eingorn,V/Lvov/1984/}) 13... Ne7 14. Ra2 $1 O-O 15. b3 Rb6 16. axb4
Rxb4 17. Ra3 b5 18. cxb5 d5 19. Rc1 Rxb5 20. Nc3 Rb4 21. Na4 Bf5 22. Nxc5 Rfb8
23. Qxb4 Rxb4 24. Nd7 {1-0, Nikolic,P-Psakhis,L/Moscow GMA/1990/}) (11. Qxf6 $2
Nxf6 $36 {[%csl Ra2,Gb4][%cal Ga8a2] <->a,><a2 Black's pawn structure gives
him an _|_ edge, as it's not easy for White to exchange the annoying Pb4. With
the Q on board White succeeds in forcing c5, and breaks up Black's pawn chain
by a3, leaving d6 weak. (We have seen this already in the previous examples.)})
11... Qe7 (11... Ne7 $143 12. Qb3 c5 13. Nd2 O-O 14. a3 Nc6 15. axb4 Rxa1 16.
Rxa1 Nxb4 17. Ne4 Qe7 18. Qd1 Rd8 19. Ra8 g6 20. Qd2 Kg7 21. h4 Nc6 22. h5 $36
{Vokac,M-Keitlinghaus,L/Prague/1990/}) 12. Qb3 c5 13. Nd2 Nf6 14. a3 O-O 15. e3
(15. axb4 Rxa1 16. Rxa1 Qxe2 17. Qc3 Re8 18. Bf3 Qe7 $11) (15. Rfe1 bxa3 16.
Rxa3 Rxa3 17. Qxa3 Be6 {[%cal Rd6d5] /\d5=}) 15... bxa3 16. Rxa3 Rb8 $6 $146 {
Surrendering the <->a is illogical and causes Black only trouble.} (16... Rxa3
$142 17. Qxa3 h6 18. Qa7 (18. h3 $5 $14) 18... Bf5 19. Rd1 Ne4 20. Qb6 Ra8 21.
Nxe4 {1/2,Sosonko,G-Landenbergue,C/Cannes/1995/} Bxe4 22. Bxe4 Qxe4 23. b3 Ra6
24. Qd8+ Kh7 25. Rxd6 Ra1+ 26. Rd1 Rb1 $1 $11) 17. Ra7 $36 Qd8 18. Rfa1 b6 19.
Nb1 $1 Be6 20. Nc3 $14 {/+/- After the N transfer White's advantage grew to
tangible proportions, Black somewhat nervous reaction is easily understandable.
} b5 $5 (20... Re8 21. Bc6 Re7 22. Ra8 $16) (20... h5 $5) 21. Nxb5 d5 22. Qc3
$1 {The most practical decision, White will win a pawn after all. Other moves
give Black more counterchances.} (22. cxd5 Bd7 (22... Nxd5 23. Rd1 Nxe3 (23...
Qb6 24. Bxd5 Qxa7 25. Nxa7 Rxb3 26. Bxb3 Bxb3 27. Rc1 $16) 24. Rxd8 Rfxd8 (
24... Bxb3 25. Rxb8 Rxb8 26. fxe3 $18) 25. Qxe3 Rd1+ 26. Bf1 Bh3 27. Qd3 $18)
23. R7a5 Ne8 $1 24. Bf1 Nd6 $13 {makes it quite difficult for White to
untangle his pieces.}) (22. Qa3 dxc4 23. Qxc5 Qd2 $132) 22... dxc4 $8 (22...
Ne4 23. Qe5 $18) 23. Nc7 Bg4 (23... Qd6 $5 24. Nxe6 Qxe6 25. R7a4 Rb3 26. Qxc4
Qxc4 27. Rxc4 Rxb2 28. Rxc5 $16 {/+/=}) 24. Qxc4 Rxb2 25. Nd5 $1 $16 Be6 $2 (
25... Nxd5 26. Bxd5 Bh5 (26... Qf6 27. Rxf7 $1 $18) 27. Qxc5 Qf6 28. e4 $16 (
28. Qxf8+ Kxf8 29. Ra8+ Ke7 30. R1a7+ Kd6 31. Ra6+ Ke5 $1 (31... Kxd5 32. Rxf6
gxf6 33. Ra5+ $18) 32. Rxf6 Kxf6 $14)) 26. Qc3 $1 Qb8 (26... Rb8 27. Ne7+ Kh8
28. Nc6 $18) (26... Rxf2 $2 27. Ne7+ Kh8 28. Kxf2 $18) (26... Re2 $142 27. Ne7+
(27. Qd3 Rb2 (27... Rxf2 28. Ne7+ Kh8 29. Qxd8 Rxg2+ 30. Kxg2 Rxd8 31. Ra8 Re8
32. Rxe8+ Nxe8 33. Ra8 Bd7 34. Rd8 $18) 28. Ra8 Rb8 29. Rxb8 Qxb8 30. Ra8 Qxa8
31. Nxf6+ gxf6 32. Bxa8 Rxa8 $14) 27... Kh8 28. Bf3 $5 Qd2 29. Qxc5 Re1+ 30.
Kg2 {/\} Rxa1 $2 31. Ng6+ $1 $18) 27. Nxf6+ gxf6 28. Qxf6 Rb1+ 29. Bf1 $18 (29.
Rxb1 Qxb1+ 30. Bf1 Bh3 31. Ra1 $18) 29... Rc8 30. h4 $1 {->} Qb5 31. Rxb1 Qxb1
32. h5 Qe4 (32... c4 33. Rc7 $1 Re8 (33... Rxc7 34. h6 $18) 34. Rc5 $18) 33.
Qg5+ (33. Bh3 $2 Bd5 $1 $132) 33... Kh8 (33... Kf8 34. Bg2 $18) 34. Bg2 Qc2 35.
Qf6+ Kg8 36. Kh2 Qd1 (36... Qf5 37. Qxf5 Bxf5 38. h6 c4 39. Bb7 $1 Rd8 40. Bd5
c3 41. Bxf7+ Kf8 42. Bb3 $18) 37. Qg5+ Kf8 38. Qh6+ Kg8 (38... Ke8 39. Qf6 $1
Qxh5+ 40. Kg1 Qd1+ 41. Bf1 Bd7 (41... Qd6 42. Bb5+ Kf8 43. Qh8#) 42. Qh8+ Ke7
43. Qxc8 $18) 39. Be4 1-0

[Event "FIDE-Wch k.o."]
[Site "Moscow"]
[Date "2001.11.30"]
[Round "2.2"]
[White "Van Wely, Loek"]
[Black "Lputian, Smbat G"]
[Result "1-0"]
[WhiteElo "2714"]
[BlackElo "2618"]
[Annotator "Stohl,I"]
[PlyCount "59"]
[EventDate "2001.11.27"]
[EventType "k.o."]
[EventRounds "7"]
[EventCountry "RUS"]
[SourceTitle "CBM 086"]
[Source "ChessBase"]
[SourceDate "2002.02.05"]
[SourceVersion "1"]
[SourceVersionDate "2002.02.05"]
[SourceQuality "1"]

1. d4 e6 2. c4 b6 3. a3 Bb7 4. Nc3 f5 5. d5 Nf6 6. g3 b5 $6 {A highly dubious
sideline, as Van Wely convincingly shows. But one has to understand Lputian
was in a must win situation.} (6... Na6 {is the usual and much safer move.}) 7.
Nxb5 (7. Bg2 bxc4 8. Nh3 Na6 9. O-O Nc5 10. dxe6 Bxg2 11. exd7+ Qxd7 12. Qxd7+
Kxd7 13. Kxg2 Nb3 14. Rb1 Bd6 15. Ng5 Rhe8 16. Rd1 h6 17. Nf3 Ne4 {#} 18. Nxe4
Rxe4 19. e3 g5 $1 20. Nd2 Nxd2 21. Bxd2 g4 $14 {Ftacnik,L-Kengis,E/EU-chT Leon/
2001/}) 7... exd5 8. Bf4 $5 $146 {[%mdl 8] A sharp alternative to the other,
more quiet main refutation attempt} (8. cxd5 Bxd5 9. Nf3 Bc5 $5 (9... Bc6 10.
Nbd4 Be4 11. Bg2 Nc6 12. O-O g6 13. Bf4 Nxd4 14. Qxd4 d6 15. Rac1 c5 16. Qd2
Qe7 17. Rfd1 Rd8 18. b4 Rd7 19. bxc5 dxc5 20. Qa5 Bg7 21. Rxd7 Nxd7 22. Rd1 c4
23. Bg5 $16 {Savchenko,S-Miezis,N/Porto San Giorgio/2000/}) 10. Bg5 (10. Bg2 a5
11. O-O O-O (11... c6 12. Nc3 Be4 {1/2,Horvath,P-Miezis,N/Seefeld op/2001/})
12. Bg5 c6 13. Nc3 Be4 14. Rc1 (14. Nd4 $5 $14) 14... Qe7 15. Nxe4 fxe4 16. Nd2
d5 17. Qc2 Ba7 18. Qc3 a4 19. e3 h6 20. Bf4 $13 {Gavrikov,V-Miezis,N/Tallinn/
2001/}) 10... c6 11. Bxf6 gxf6 12. b4 $5 (12. e3 Qb6 13. b4 Bxe3 14. fxe3 Qxe3+
15. Qe2 Qxe2+ 16. Bxe2 cxb5 17. O-O a5 18. Nd4 axb4 19. axb4 Rxa1 20. Rxa1 O-O
21. Bxb5 {1/2,Hofman,R-Grabuzova,T/Groningen/1994/}) 12... Bxf3 13. exf3 Qe7+
14. Be2 $36) 8... Na6 (8... d6 $5 9. Bg2 (9. cxd5 Nxd5 (9... Bxd5 10. Nf3 $36)
10. Bg2 Nc3 11. Bxb7 Nxd1 12. Rxd1 a6 13. Nxc7+ Qxc7 14. Bxa8 $44) (9. c5 Qd7
10. Qb3 Bc6 11. Nxa7 dxc5 $13) 9... c6 10. Nd4 dxc4 11. Qc2 $14) 9. Bg2 c6 $8 (
9... Nh5 10. cxd5 (10. Qd4 $5 $40) 10... Nxf4 11. gxf4 $16) (9... Rb8 10. cxd5
(10. Qa4 $5) 10... Bxd5 11. Bxd5 Rxb5 12. Bc4 $16) 10. Nd6+ Bxd6 11. Bxd6 Qb6 (
11... dxc4 12. Rc1 (12. Nf3 Ne4 13. Ne5 Qa5+ 14. Kf1 Qd5 $132) 12... Qa5+ 13.
Qd2 $16 {[%csl Rb7] ץb7}) 12. cxd5 Ne4 $1 (12... Nxd5 13. b4 $16) (12... Ng4
13. Nh3 cxd5 14. Bf4 d4 15. Bxb7 Qxb7 16. O-O Qxb2 17. Qd3 $16) (12... cxd5 13.
Be5 {[%cal Re5d4] /\Bd4+/-}) 13. Bxe4 fxe4 14. Nh3 c5 (14... cxd5 15. Be5 $36 {
[%csl Rb7,Ge5] ^-,ץb7}) 15. Be5 O-O 16. Nf4 Rf5 (16... Rae8 $5 17. Bc3 Nc7 $14
) (16... g5 17. Ng2 Rf5 18. Bc3 Rxd5 19. Qc1 $16 {[%csl Rg8][%cal Rc3h8] ->,
גa1-h8,Kg8}) 17. Bc3 Nc7 18. Qa4 e3 $2 {[%mdl 64] Black loses his way in the
tactics, when he could have put up stiffer resistance.} (18... Nxd5 19. Qxd7
Rf7 20. Nxd5 Rxd7 21. Nxb6 axb6 22. h4 $14 {[%cal Yh1h4,Yh4h5] /+/-,/\h5,Rh4})
(18... Raf8 $142 19. Qxd7 (19. O-O $5 $14) 19... R5f7 20. Qg4 Nxd5 21. Nxd5
Bxd5 22. Rd1 $14) (18... Qb5 19. Qxe4 Rxf4 20. gxf4 Nxd5 21. Rg1 $1 Nxc3 22.
Qe5 Qxe2+ $8 23. Qxe2 Nxe2 24. Kxe2 $16) 19. fxe3 Nxd5 20. Qxd7 Nxc3 $6 (20...
Rf7 $8 21. Nxd5 Rxd7 22. Nxb6 axb6 23. O-O Re8 24. Rad1 $16) 21. Qxf5 Bxh1 22.
bxc3 Re8 (22... Qb2 23. Rb1 Qxc3+ 24. Kf2 $18 {traps the B.}) (22... c4 23.
Qe6+ Qxe6 24. Nxe6 Re8 25. Nd4 $18) 23. Rd1 $18 Bc6 (23... Be4 24. Qd7 Bc6 25.
Qd6 {/\} Rxe3 26. Ne6 $18 {->}) (23... c4 24. Rd7 $18) 24. Rd6 c4 (24... Qb7
25. Qxc5 $18) 25. Ne6 {White has already a wider choice-he has extra material
and more active pieces.} (25. Nd5 Qb7 26. Nb4 Be4 27. Qc5 $5 $18) 25... Be4 (
25... Qb7 26. Rd8 Rxd8 27. Nxd8 $18 {_|_}) 26. Qg4 Qb1+ (26... Qb7 27. Nc5 $18)
27. Rd1 Qb7 28. Nc5 Qa8 (28... Qc6 29. Rd7 Bg6 30. Qxc4+ Kh8 31. Qd4 Rg8 32. e4
$18) 29. Rd7 Bg6 30. Qxc4+ (30. Qxc4+ Kh8 31. Qd4 Rg8 32. Ne6 $18) 1-0

[Event "Sarajevo Bosnia 30th"]
[Site "Sarajevo"]
[Date "2000.05.26"]
[Round "9"]
[White "Bacrot, Etienne"]
[Black "Short, Nigel D"]
[Result "1/2-1/2"]
[WhiteElo "2594"]
[BlackElo "2683"]
[Annotator "Stohl,I"]
[PlyCount "90"]
[EventDate "2000.05.17"]
[EventType "tourn"]
[EventRounds "11"]
[EventCountry "BIH"]
[EventCategory "19"]
[SourceTitle "CBM 077"]
[Source "ChessBase"]
[SourceDate "2000.07.27"]
[SourceVersion "1"]
[SourceVersionDate "2000.07.27"]
[SourceQuality "1"]

1. d4 e6 2. c4 b6 3. e4 Bb7 4. Bd3 Nc6 5. Ne2 Nb4 6. Nbc3 Nxd3+ 7. Qxd3 g6 (
7... d6 8. O-O Ne7 (8... Nf6 $143 9. d5 Be7 10. Nd4 Qd7 11. b3 c6 12. dxc6 Bxc6
13. Ba3 a6 14. Rad1 Bb7 15. Qg3 Qc7 16. Rfe1 g6 17. e5 $14 Nh5 $2 18. Bxd6 Qd7
19. Qg4 Bxd6 20. exd6 O-O 21. Na4 Rae8 22. Nc2 Qd8 23. d7 Re7 24. Qd4 Bc6 25.
Nxb6 $18 {Epishin,V-Ehlvest,J/Novosibirsk/1993/}) 9. d5 Qd7 10. f4 g6 11. Be3
$1 (11. Nd4 O-O-O 12. b4 Bg7 13. b5 Bxd4+ 14. Qxd4 f5 15. Re1 Rhe8 16. Bb2 fxe4
17. Nxe4 Ng8 $1 18. Nc3 Qf7 $13 {Gelfand,B-Short,N/Novgorod/1997/}) 11... Bg7
12. Bd4 $14 {Short}) 8. h4 $1 $146 {[%mdl 32] An interesting strategy. White
uses his () and development advantage to create weaknesses in Black's camp.} (
8. O-O Bg7 9. f4 f5 $6 (9... Ne7 $142 10. d5 O-O {/\f5<=>~~}) 10. exf5 gxf5 11.
d5 Qh4 12. Nb5 O-O-O 13. d6 Qg4 14. Rf2 c6 15. Nxa7+ Kb8 16. Be3 $1 c5 17. Nb5
Bxb2 18. Rb1 Nf6 19. Rxb2 Ne4 20. Ng3 Nxf2 21. Rxf2 $16 {Anastasian,A-Dausch,R/
Cappelle la Grande/1996/}) ({A solid, but rather innocuous approach is} 8. Bf4
Bg7 9. O-O-O d6 10. Qd2 Nf6 11. f3 h6 12. Rhe1 a6 13. Ng3 Nd7 14. Kb1 Qe7 15.
Nd5 Qd8 16. Nc3 Qh4 17. Nge2 O-O-O $13 {Vegh,E-Williams,S/Hampstead/1998/
Black retains an umcompromised and fexible position.}) 8... h6 (8... Bg7 9. h5
$40) (8... Nf6 9. e5 $5 Ng8 10. Qg3 Ne7 11. Bg5 $36) 9. h5 g5 10. f4 $1 gxf4
11. Bxf4 $36 {()[+]} d6 12. O-O-O Qd7 13. d5 O-O-O (13... e5 $2 14. Be3 $16 {
[%csl Rf5][%cal Rf1f7,Ye2g3] /\Ng3בf}) 14. Be3 Bg7 15. Rdf1 Be5 16. Bd4 Rh7 {
Now White will have a permanent advantage.} ({But also unpleasant was} 16... f6
17. Qh3 Re8 (17... exd5 18. exd5 $16) 18. Bxe5 fxe5 (18... dxe5 19. Ng3 $16 {
is similar to the game.}) 19. dxe6 Qxe6 20. Qxe6+ Rxe6 21. Rf8+ Kd7 22. Rhf1 (
22. Nd5 $14) 22... Re8 23. Nd5 Bxd5 24. cxd5 Ne7 25. R8f7 $36) 17. Bxe5 dxe5
18. Qg3 exd5 19. cxd5 (19. exd5 $5) 19... f6 20. Qe3 (20. Qf3 $142 $16 {
covers both g2 and h5.}) 20... Rg7 21. Ng3 Kb8 22. Rf2 Rg5 23. Nf5 Qf7 24. Qe2
c6 (24... Bc8 $5 25. Ne3 $14) 25. dxc6 Bxc6 26. Rd1 {[%mdl 256] Although
White's position is still impressive, he has lost some time and it's not easy
to make any inroads. Patient defence by Short holds the game.} (26. g4 $5 {
[%csl Rf6][%cal Yh1f1,Yf5e3,Ye3d5] /\Rhf1,Ne3-d5,><f6}) 26... Rd7 27. g4 Qf8
28. Qc4 (28. Rdf1 $5) 28... Rxd1+ $14 29. Kxd1 Qc8 30. Ne3 Bd7 {[%csl Rg4]
<=>g4} 31. Qxc8+ Bxc8 32. Rg2 Ne7 33. Ke2 Rg7 34. Kf3 Be6 35. Rf2 a6 36. Kg3
Rf7 37. a3 (37. Ncd5 $5 Bxd5 38. exd5 Kc7 39. Rd2 $14) 37... Kc7 38. Rc2 Kd6
39. Rd2+ (39. Nf5+ Bxf5 40. Rd2+ $5 Kc6 41. exf5 {/\Ne4|^}) 39... Kc7 40. Rc2
Kb7 $5 41. Rd2 ({This was the last chance to play} 41. Nf5 Bxf5 42. exf5 Rg7
43. Kh3 $5 $14 (43. Kf3 Nc6 $132)) 41... Kc7 42. Ne2 Rf8 43. Kf3 Nc6 44. Nd5+
Kb7 45. Ne3 Kc7 1/2-1/2